| 000 | 00477nam a2200181Ia 4500 | ||
|---|---|---|---|
| 005 | 20250423101319.0 | ||
| 008 | 250422s9999 xx 000 0 und d | ||
| 020 | _a0-89375-348-3 | ||
| 050 | _aPZ7.E69645/ | ||
| 100 | _aWashington Irving | ||
| 245 | 4 | _aThe Legend of Sleepy Hollow and Rip VanWinkle | |
| 260 | _aNew Jersey | ||
| 260 | _bA Watermill Classic | ||
| 260 | _c1980 | ||
| 300 | _a83 p | ||
| 650 | _aThe Legend of Sleepy Hollow and Rip VanWinkle | ||
| 942 | _cBK | ||
| 999 |
_c35941 _d35941 |
||